Торговый автомат с канцелярией; Ресурсоэффективным технологиям - энергию и энтузиазм молодых

Xehetasun bibliografikoak
Parent link:Ресурсоэффективным технологиям - энергию и энтузиазм молодых.— 2015.— [С. 480-482]
Erakunde egilea: Национальный исследовательский Томский политехнический университет (ТПУ)
Beste egile batzuk: Савицкий Д. Е., Жданова В. В., Полянская Е. В., Габидуллина Д. Х., Болгова Д. Л.
Gaia:Заглавие с титульного экрана
Hizkuntza:errusiera
Argitaratua: 2015
Saila:Инициативные проекты
Gaiak:
Sarrera elektronikoa:http://earchive.tpu.ru/handle/11683/19348
http://www.lib.tpu.ru/fulltext/c/2015/C08/144.pdf
Formatua: MixedMaterials Baliabide elektronikoa Liburu kapitulua
KOHA link:https://koha.lib.tpu.ru/cgi-bin/koha/opac-detail.pl?biblionumber=612401

MARC

LEADER 00000naa2a2200000 4500
001 612401
005 20260422130112.0
035 |a (RuTPU)RU\TPU\conf\10523 
035 |a RU\TPU\conf\10521 
090 |a 612401 
100 |a 20150615d2015 k y0rusy50 ca 
101 0 |a rus 
102 |a RU 
135 |a drgn ---uucaa 
181 0 |a i  
182 0 |a b 
200 1 |a Торговый автомат с канцелярией  |f Д. Е. Савицкий, В. В. Жданова, Е. В. Полянская [и др.] 
203 |a Текст  |c электронный 
225 1 |a Инициативные проекты 
300 |a Заглавие с титульного экрана 
337 |a Adobe Reader 
463 1 |0 (RuTPU)RU\TPU\conf\10353  |t Ресурсоэффективным технологиям - энергию и энтузиазм молодых  |o сборник научных трудов VI Всероссийской конференции, г. Томск, 22-24 апреля 2015 г.  |f Национальный исследовательский Томский политехнический университет (ТПУ)   |v [С. 480-482]  |d 2015 
610 1 |a труды учёных ТПУ 
610 1 |a электронный ресурс 
610 1 |a автоматы 
610 1 |a канцелярские принадлежности 
701 1 |a Савицкий  |b Д. Е. 
701 1 |a Жданова  |b В. В. 
701 1 |a Полянская  |b Е. В. 
701 1 |a Габидуллина  |b Д. Х. 
701 1 |a Болгова  |b Д. Л. 
712 0 2 |a Национальный исследовательский Томский политехнический университет (ТПУ)  |c (2009- )  |3 (RuTPU)RU\TPU\col\15902 
801 2 |a RU  |b 63413507  |c 20210119  |g RCR 
856 4 |u http://earchive.tpu.ru/handle/11683/19348 
856 4 |u http://www.lib.tpu.ru/fulltext/c/2015/C08/144.pdf 
942 |c BK